| 000 | 02781nab a2200349 a 4500 | ||
|---|---|---|---|
| 005 | 20250819063913.0 | ||
| 008 | 991125c2016 sp tr p o 000 0 spa d | ||
| 035 | _aUPN01000210440 | ||
| 040 |
_aMX-MxUPN _bspa _cMX-MxUPN _eaacr2 |
||
| 049 | _aART-E | ||
| 100 | 1 | _aGonzález de Paz, Luis | |
| 100 | 1 | _aElorduy Vaquero, Marta | |
| 100 | 1 | _aVirumbrales, Montserrat | |
| 100 | 1 | _aReal, Jordi | |
| 100 | 1 | _aSureda, Xisca | |
| 100 | 1 | _aBorras, Alicia | |
| 100 | 1 | _aMartínez Sánchez, Jose M. | |
| 100 | 1 | _ujmmartinez@uic.es | |
| 245 | 1 | 0 | _aAprendizaje de las competencias de investigación en el Grado de Medicina: análisis y evaluación de las calificaciones de los estudiantes en el Trabajo de Final de Grado |
| 506 | 0 | _aAcceso abierto | |
| 520 | 3 | _aLa adaptación al Plan Bolonia del Grado de Medicina en España ha introducido en los planes de estudio la realización del Trabajo de Final de Grado (TFG). A continuación se presenta un modelo de TFG y se estudia la validez de un sistema de evaluación de las calificaciones para medir los resultados del aprendizaje de las competencias de investigación y pensamiento crítico. Se evaluaron 62 trabajos . Para su realización los estudiantes contaron con un equipo de tutores expertos en investigación clínica y en metodología. El trabajo fue evaluado por tres profesores, cada uno completó una rúbrica de 10 ítems. La validez del sistema de evaluación se analizó mediante el modelo de múltiples facetas de Rasch, que permite estudiar las diferencias en la severidad de los evaluadores, los resultados de los estudiantes y la dificultad de los ítems. Se calificaron los trabajo s de 62 estudiantes, totalizando 186 rúbricas. El 58% de los estudiantes mostraron una habilidad superior a la severidad de los evaluadores y a la dificultad de los ítems de la rúbrica. No se observaron diferencias significativas en la severidad de los evaluadores, ni en las calificaciones finales según el tipo de evaluador. El ítem más difícil para los estudiantes fue la selección del diseño epidemiológico del protocolo. El método de análisis propuesto para el TFG es eficaz para evaluar la adquisición de las competencias relacionadas con la investigación y el pensamiento crítico en los estudiantes del último curso del Grado de Medicina | |
| 650 | 4 |
_aCurrículo _94174 |
|
| 650 | 2 |
_aEducación médica _917187 |
|
| 650 | 2 |
_aCompetencia profesional _95288 |
|
| 650 | 4 |
_aEstudiantes _913250 |
|
| 653 | 0 | _aEstándadres médicos | |
| 773 |
_gVol. 32, no. 2 (2016), p. 484-491 _tAnales de psicología = Annals of psychology _x1695-2294 |
||
| 856 | 4 | _uhttps://revistas.um.es/analesps/article/view/analesps.32.2.212261 | |
| 902 | _aGloria Jiménez/230525 | ||
| 905 | _aArticulo | ||
| 942 | _cART-E | ||
| 999 |
_c182541 _d182541 |
||